| 000 | 00545nam a2200169 a 4500 | ||
|---|---|---|---|
| 001 | 000039449 | ||
| 005 | 20240306164224.0 | ||
| 008 | 130628s1969 sp 000 0 spa d | ||
| 040 |
_aDO-SdBNP _bspa _cBNPHU |
||
| 100 | 1 |
_aVargas Llosa, Mario, _d1936- _912567 |
|
| 245 | 1 | 0 |
_aConversación en la catedral / _cMario Vargas Llosa. |
| 250 | _a3a ed. | ||
| 260 |
_aBarcelona : _bSeix Barral, _c1969. |
||
| 300 |
_av. ; _c21 cm. |
||
| 500 | _aIncluye datos biográficos del autor en la contracubierta | ||
| 500 | _aLa biblioteca posee el volúmen I y II | ||
| 999 |
_c38939 _d38939 |
||